[Event "NatWest GrandMasters"]
[Site "London"]
[Date "1989.09.05"]
[Round "7"]
[White "Levitt, Jonathan"]
[Black "Barua, Dibyendu"]
[Result "1/2-1/2"]
[WhiteElo "2475"]
[BlackElo "2470"]
[PlyCount "89"]
[EventDate "1989.08.30"]
[EventType "tourn"]
[EventRounds "9"]
[EventCountry "ENG"]
[EventCategory "10"]
[SourceTitle "BritBase"]
[Source "John Saunders"]
[SourceDate "2022.12.30"]
[SourceVersion "1"]
[SourceVersionDate "2022.12.30"]
[SourceQuality "1"]

1. d4 d5 2. Nf3 Nf6 3. c4 dxc4 4. Nc3 c6 5. a4 Bf5 6. e3 e6 7. Bxc4 Bb4 8. O-O
O-O 9. Nh4 Nbd7 10. Nxf5 exf5 11. f3 Nb6 12. Bb3 Qd7 13. a5 Nbd5 14. Qd3 Rad8
15. Ra4 Be7 16. Rd1 b5 17. axb6 axb6 18. e4 Nb4 19. Qe2 b5 20. Ra1 Rfe8 21. Bf4
fxe4 22. fxe4 Ra8 23. Rac1 Bf8 24. Kh1 Qg4 25. Qf3 Qxf3 26. gxf3 Nd7 27. Be3
Nb6 28. Ne2 N6d5 29. Bf2 g6 30. Be1 Bh6 31. Ra1 Rxa1 32. Rxa1 Nd3 33. Bg3 N3f4
34. Nxf4 Bxf4 35. Ra7 Rf8 36. Bxf4 Nxf4 37. Rc7 Ne2 38. Rd7 Nc1 39. Bc2 Ra8 40.
Rc7 Ne2 41. Bb3 Nxd4 42. Bxf7+ Kg7 43. Kg2 Rf8 44. Be8+ Kh6 45. Bf7 1/2-1/2

[Event "NatWest GrandMasters"]
[Site "London"]
[Date "1989.09.06"]
[Round "8"]
[White "Barua, Dibyendu"]
[Black "Murshed, Niaz"]
[Result "1/2-1/2"]
[WhiteElo "2470"]
[BlackElo "2475"]
[PlyCount "82"]
[EventDate "1989.08.30"]
[EventType "tourn"]
[EventRounds "9"]
[EventCountry "ENG"]
[EventCategory "10"]
[SourceTitle "BritBase"]
[Source "John Saunders"]
[SourceDate "2022.12.30"]
[SourceVersion "1"]
[SourceVersionDate "2022.12.30"]
[SourceQuality "1"]

1. e4 g6 2. d4 Bg7 3. Nf3 c6 4. Bd3 d5 5. exd5 Qxd5 6. Nc3 Qa5 7. h3 Nf6 8. O-O
O-O 9. Qe2 Re8 10. Re1 Nbd7 11. Bc4 e6 12. Bd2 Qc7 13. Bb3 b6 14. a4 a6 15. a5
b5 16. Ne4 c5 17. Nxc5 Nxc5 18. dxc5 Qxc5 19. c4 bxc4 20. Bxc4 Bb7 21. Rac1 Qh5
22. Bc3 Bxf3 23. Qxf3 Qxf3 24. gxf3 Nd5 25. Bxg7 Kxg7 26. Red1 Red8 27. Bxd5
Rxd5 28. Rxd5 exd5 29. Rc6 d4 30. Rd6 d3 31. Rxd3 Rb8 32. Rd6 Rxb2 33. Rxa6 Ra2
34. Kg2 Ra3 35. Kg3 Ra4 36. h4 h5 37. Ra8 Kh7 38. a6 Kg7 39. a7 Kf6 40. Kg2 Ra1
41. Kh2 Ra2 1/2-1/2

[Event "NatWest GrandMasters"]
[Site "London"]
[Date "1989.09.06"]
[Round "8"]
[White "Bronstein, David I"]
[Black "Kosten, Anthony C"]
[Result "1/2-1/2"]
[WhiteElo "2430"]
[BlackElo "2500"]
[PlyCount "74"]
[EventDate "1989.08.30"]
[EventType "tourn"]
[EventRounds "9"]
[EventCountry "ENG"]
[EventCategory "10"]
[SourceTitle "BritBase"]
[Source "John Saunders"]
[SourceDate "2022.12.30"]
[SourceVersion "1"]
[SourceVersionDate "2022.12.30"]
[SourceQuality "1"]

1. d4 Nf6 2. c4 e6 3. Nc3 Bb4 4. e3 c5 5. Bd3 Nc6 6. Nge2 cxd4 7. exd4 d5 8.
O-O dxc4 9. Bxc4 O-O 10. Bg5 Be7 11. a3 a6 12. Rc1 b5 13. Ba2 Bb7 14. Qd3 Ne5
15. Qc2 Nc4 16. Rfd1 Rc8 17. h3 Nd5 18. Bxe7 Nxe7 19. Rd3 Qd6 20. Rcd1 Rfd8 21.
Ng3 Qf4 22. a4 Nd5 23. Nxd5 Bxd5 24. Rc3 Nb6 25. Bb1 g6 26. axb5 Rxc3 27. Qxc3
axb5 28. Qa5 Rb8 29. Qb4 Nc4 30. Bd3 Qd6 31. Qc3 b4 32. Qc1 Nb6 33. Qh6 Qf8 34.
Qg5 Qd8 35. Qh6 Qf8 36. Qg5 Qd8 37. Qh6 Qf8 1/2-1/2

[Event "NatWest GrandMasters"]
[Site "London"]
[Date "1989.09.08"]
[Round "8"]
[White "McNab, Colin Anderson"]
[Black "Levitt, Jonathan"]
[Result "0-1"]
[WhiteElo "2435"]
[BlackElo "2475"]
[PlyCount "48"]
[EventDate "1989.08.30"]
[EventType "tourn"]
[EventRounds "9"]
[EventCountry "ENG"]
[EventCategory "10"]
[SourceTitle "BritBase"]
[Source "John Saunders"]
[SourceDate "2022.12.30"]
[SourceVersion "1"]
[SourceVersionDate "2022.12.30"]
[SourceQuality "1"]

1. c4 e6 2. Nf3 Nf6 3. g3 g6 4. Nc3 d5 5. d4 Bg7 6. Bg2 O-O 7. O-O Na6 8. Bf4
dxc4 9. Qa4 Nd5 10. Bg5 f6 11. Bd2 Nb6 12. Qa5 c6 13. e4 Qe7 14. Nd1 Bd7 15.
Ne3 c5 16. e5 cxd4 17. Nxd4 fxe5 18. Ne2 Rab8 19. Rac1 Rfc8 20. Bxb7 Rxb7 21.
Qxa6 Rbc7 22. Nc3 Qc5 23. Rfd1 Bc6 24. b4 Qf8 0-1

[Event "NatWest GrandMasters"]
[Site "London"]
[Date "1989.09.08"]
[Round "9"]
[White "Kosten, Anthony C"]
[Black "Hebden, Mark L"]
[Result "1-0"]
[WhiteElo "2500"]
[BlackElo "2520"]
[PlyCount "69"]
[EventDate "1989.08.30"]
[EventType "tourn"]
[EventRounds "9"]
[EventCountry "ENG"]
[EventCategory "10"]
[SourceTitle "BritBase"]
[Source "John Saunders"]
[SourceDate "2022.12.30"]
[SourceVersion "1"]
[SourceVersionDate "2022.12.30"]
[SourceQuality "1"]

1. e4 e5 2. Nf3 Nc6 3. Bc4 Nf6 4. d3 Be7 5. O-O O-O 6. Bb3 d6 7. c3 Nd7 8. Be3
Nf6 9. Bc1 Nd7 10. Be3 Bf6 11. d4 exd4 12. cxd4 Na5 13. Bc2 c5 14. Nc3 cxd4 15.
Nxd4 Nc4 16. Bc1 Ndb6 17. b3 Ne5 18. Bb2 Bg4 19. f3 Bd7 20. Rc1 Rc8 21. Bb1 g6
22. Nce2 d5 23. f4 Ng4 24. e5 Ne3 25. Rxc8 Bxc8 26. Qc1 Nxf1 27. exf6 Nxh2 28.
Kxh2 Re8 29. Ng3 Qxf6 30. Ndf5 Qc6 31. Nh6+ Kf8 32. Qd2 f6 33. f5 g5 34. Qb4+
Kg7 35. Ng4 1-0

[Event "NatWest GrandMasters"]
[Site "London"]
[Date "1989.09.08"]
[Round "9"]
[White "Murshed, Niaz"]
[Black "McNab, Colin Anderson"]
[Result "0-1"]
[WhiteElo "2475"]
[BlackElo "2435"]
[PlyCount "54"]
[EventDate "1989.08.30"]
[EventType "tourn"]
[EventRounds "9"]
[EventCountry "ENG"]
[EventCategory "10"]
[SourceTitle "BritBase"]
[Source "John Saunders"]
[SourceDate "2022.12.30"]
[SourceVersion "1"]
[SourceVersionDate "2022.12.30"]
[SourceQuality "1"]

1. d4 d6 2. c4 e5 3. Nc3 exd4 4. Qxd4 Nf6 5. b3 g6 6. Bb2 Bg7 7. g3 O-O 8. Bg2
Nc6 9. Qd2 Re8 10. Nh3 d5 11. O-O-O d4 12. Na4 Bxh3 13. Bxh3 Ne4 14. Qf4 Qe7
15. Kb1 a6 16. c5 Rad8 17. Bg2 f5 18. h4 Nb4 19. h5 Nd5 20. Qc1 Ndc3+ 21. Bxc3
dxc3 22. Qc2 Nxf2 23. hxg6 hxg6 24. Rxd8 Rxd8 25. Rf1 Rd2 26. Rxf2 Rxc2 27.
Bd5+ Kf8 0-1